[Event "Gibraltar Open"]
[Site "Caleta ENG"]
[Date "2012.01.27"]
[Round "4.15"]
[White "Almasi,Z"]
[Black "Cramling,P"]
[Result "1-0"]
[WhiteElo "2717"]
[BlackElo "2491"]

1.e4 c5 2.Nf3 e6 3.d4 cxd4 4.Nxd4 a6 5.Be2 Nf6 6.Nc3 Bb4 7.Qd3 d6 8.O-O Nbd7
9.Nb3 Ne5 10.Qd4 Nc6 11.Qe3 O-O 12.Rd1 e5 13.Na4 Be6 14.c3 b5 15.Nac5 Bxc5
16.Nxc5 Bc8 17.Nb3 Be6 18.f3 Qc7 19.Qf2 Nd7 20.Be3 Ne7 21.Bf1 Rad8 22.Rd2 f5
23.Bg5 Nf6 24.exf5 Nxf5 25.Rad1 Rd7 26.Bd3 h6 27.Bxf6 Rxf6 28.Bc2 Ne7 29.Nc1 Ng6
30.Ne2 Nf4 31.Nxf4 Rxf4 32.Qe3 Kh8 33.a3 Bg8 34.Be4 a5 35.Bd5 Bxd5 36.Rxd5 b4
37.cxb4 axb4 38.a4 Rc4 39.Rb5 b3 40.a5 Ra4 41.Rdd5 Ra1+ 42.Kf2 Qc2+ 43.Rd2 Rd8
44.Qd3 Rc8 45.Qxd6 Qc4 46.Qb4 Qf1+ 47.Kg3 Qe1+ 48.Kh3 e4 49.Rb8 Rxb8 50.Qxb8+ Kh7
51.Rd8 exf3 52.Qxb3 Qe4 53.Qg8+ Kg6 54.Rd6+  1-0

[Event "Gibraltar Open"]
[Site "Caleta ENG"]
[Date "2012.01.29"]
[Round "6.12"]
[White "Kosintseva,N"]
[Black "Almasi,Z"]
[Result "0-1"]
[WhiteElo "2537"]
[BlackElo "2717"]

1.e4 c5 2.Nf3 e6 3.d4 cxd4 4.Nxd4 a6 5.Bd3 Bc5 6.Nb3 Be7 7.Qg4 Bf6 8.Qg3 Nc6
9.Nc3 Nge7 10.Bf4 e5 11.Bd2 d6 12.h4 Nb4 13.Bg5 Bxg5 14.hxg5 Ng6 15.O-O-O Be6
16.Bf1 Qb6 17.Kb1 Rc8 18.Qf3 a5 19.g3 O-O 20.Bh3 a4 21.Nxa4 Qa6 22.Nc3 Rxc3
23.Qxc3 Qxa2+ 24.Kc1 Qa4 25.Kd2 Rc8 26.Ra1 Qb5 27.Qxc8+ Bxc8 28.Ra8 Nf8 29.Rxc8 Qb6
30.Rf1 g6 31.f4 Nc6 32.f5 Qb4+ 33.Ke3 gxf5 34.Bxf5 Kg7 35.Rf2 Ne7 36.Re8 d5
37.c3 Nxf5+ 38.exf5 Qxb3 39.f6+ Kg8 40.Rf5 d4+ 41.Kf3 d3 42.Rd8 Qe6 43.Ke4 Qc4+
44.Ke3 Qb5 45.Ke4 Qc4+ 46.Ke3 Qc7 47.Rd5 Ng6 48.Kxd3 h6 49.gxh6 Kh7 50.Rf3 Qb6
51.b4 Qe6  0-1

[Event "Gibraltar Open"]
[Site "Caleta ENG"]
[Date "2012.01.31"]
[Round "8.2"]
[White "Short,N"]
[Black "Almasi,Z"]
[Result "1/2-1/2"]
[WhiteElo "2677"]
[BlackElo "2717"]

1.b3 d5 2.Bb2 Nf6 3.e3 c6 4.c4 Bf5 5.Be2 e6 6.Nc3 Nbd7 7.Nf3 h6 8.O-O Bd6
9.cxd5 exd5 10.d3 O-O 11.e4 Bg6 12.exd5 Nxd5 13.Nxd5 cxd5 14.Qd2 Re8 15.Rfe1 Qb6
16.Bf1 Bb4 17.Rxe8+ Rxe8 18.Qf4 Bc5 19.Qg3 Nf8 20.Rc1 Ne6 21.h4 d4 22.Qe5 Bd6
23.Qd5 Rd8 24.Qc4 Bf4 25.Re1 Qa5 26.b4 Qd5 27.Qxd5 Rxd5 28.g3 Bd6 29.a3 a5
30.bxa5 Rxa5 31.Nxd4 Bxa3 32.Nxe6 Bxb2 33.Nf4 Bd4 34.Nxg6 fxg6 35.Re8+ Kf7
36.Rd8 Ra4 37.Rd7+ Kf6 38.Rxb7 Ra2 39.Bg2 Rxf2 40.Be4 Rb2+  1/2-1/2

[Event "Gibraltar Open"]
[Site "Caleta ENG"]
[Date "2012.02.01"]
[Round "9.1"]
[White "Almasi,Z"]
[Black "Adams,Mi"]
[Result "1/2-1/2"]
[WhiteElo "2717"]
[BlackElo "2724"]

1.e4 e5 2.Nf3 Nc6 3.Bb5 a6 4.Ba4 Nf6 5.O-O Be7 6.d3 b5 7.Bb3 d6 8.a4 Bd7
9.c3 O-O 10.Bc2 b4 11.Re1 bxc3 12.bxc3 d5 13.h3 Be6 14.Nbd2 dxe4 15.dxe4 Nd7
16.Bb3 Nc5 17.Bxe6 Nxe6 18.Qc2 Nf4 19.Nc4 Qd3 20.Qxd3 Nxd3 21.Rd1 Nc5 22.Ba3 Nxe4
23.Bxe7 Nxe7 24.Rd7 Rfe8 25.Rxc7 Nd5 26.Rd7 Nexc3 27.Ncxe5 Re7 28.Rd6 f6
29.Nc6 Rc7 30.Nfd4 Ne7 31.Ra3 Ne4 32.Nxe7+ Rxe7 33.Re3 Re5 34.Rc6 a5 35.Nb3 Rae8
36.Ra6 Kf8 37.Ra7 Rd8 38.f3 Rd1+ 39.Kh2 Nd2 40.Rxe5 fxe5 41.Nc5 g6 42.Rxh7 Rc1
43.Nd7+ Kg8 44.Nf6+ Kf8 45.Nd7+ Kg8 46.Re7 Ra1 47.Nxe5 Nf1+ 48.Kg1 Ne3+ 49.Kf2 Nf5
50.Re6 Kh7 51.Rxg6 Rxa4 52.Rg5 Ra2+ 53.Kg1 Ne3 54.h4 Rd2 55.Kh1 Rd5 56.Rh5+ Kg7
57.Rg5+ Kh7 58.Nc6 Rxg5 59.hxg5 a4 60.Nb4 a3 61.Kg1 Kg6 62.Kf2 Nd5 63.Na2 Kxg5
64.g3 Nf6 65.Ke3 Nh5 66.Kf2 Nf6 67.Nc1 Nh5 68.Na2  1/2-1/2

[Event "Gibraltar Open"]
[Site "Caleta ENG"]
[Date "2012.02.02"]
[Round "10.5"]
[White "Gustafsson,J"]
[Black "Almasi,Z"]
[Result "1/2-1/2"]
[WhiteElo "2643"]
[BlackElo "2717"]

1.Nf3 c5 2.c4 Nc6 3.Nc3 Nf6 4.g3 g6 5.Bg2 d6 6.d4 cxd4 7.Nxd4 Bd7 8.O-O Bg7
9.Nc2 Qc8 10.b3 Bh3 11.Bb2 Bxg2 12.Kxg2 O-O 13.Rb1 a6 14.a4 Rb8 15.Nd5 Nxd5
16.Qxd5 Bxb2 17.Rxb2 b5 18.axb5 axb5 19.cxb5 Na7 20.Nd4 Qb7 21.Qxb7 Rxb7
22.Rc1 Nxb5 23.Nxb5 Rxb5 24.Rc7 e6 25.e4 Rfb8 26.Rd7 Rxb3 27.Rxb3 Rxb3 28.Rxd6 h5
29.h4 Kg7 30.Ra6 Rb8  1/2-1/2

[Event "17th Corsican Circuit Final"]
[Site "Bastia FRA"]
[Date "2013.10.20"]
[Round "1.1"]
[White "Almasi,Z"]
[Black "Horvath,Ad1"]
[Result "1-0"]
[WhiteElo "2707"]
[BlackElo "2530"]

1.c4 Nf6 2.Nf3 e6 3.g3 d5 4.Bg2 dxc4 5.Qa4+ c6 6.Qxc4 b5 7.Qb3 Bb7 8.O-O a6
9.d4 c5 10.a4 Nbd7 11.axb5 Bd5 12.Qd1 axb5 13.Rxa8 Qxa8 14.Nc3 Bc6 15.Bg5 Be7
16.dxc5 b4 17.Nb1 Bxc5 18.Bxf6 Nxf6 19.Qc2 Qa7 20.Nbd2 Bb7 21.Ne5 Bxg2 22.Kxg2 O-O
23.Nd3 Be7 24.Qc6 Nd5 25.Nf3 h6 26.Nfe5 Rd8 27.Rc1 Bf6 28.Nf3 Qa2 29.Rc2 b3
30.Rd2 Qa7 31.Nc5 Qb8 32.Qa4 Qc8 33.Nxb3 Qb7 34.Nc5 Qb6 35.Ne4 Rb8 36.Nxf6+ Nxf6
37.Qd4 Qb7 38.Rc2 Ne4 39.h4 Nf6 40.Qe5 Qb3 41.Nd4 Qb7+ 42.f3 Nd5 43.Kh2 Ra8
44.e4 Nf6 45.Qc5 Qa6 46.Kg2 Qd3 47.Qc3 Qd1 48.Rd2 Qb1 49.Qc2 Qa2 50.b4 Qa1
51.b5 Qe1 52.Qb2 Qc1 53.b6 Qc4 54.b7 Rb8 55.Rc2 Qa6 56.Rc7 Qd6 57.Rc8+ Kh7
58.Nc6 Rxb7  1-0

[Event "17th Corsican Circuit Final"]
[Site "Bastia FRA"]
[Date "2013.10.20"]
[Round "1.2"]
[White "Horvath,Ad1"]
[Black "Almasi,Z"]
[Result "1/2-1/2"]
[WhiteElo "2530"]
[BlackElo "2707"]

1.e4 e5 2.Nf3 Nc6 3.Bb5 a6 4.Ba4 Nf6 5.O-O Be7 6.d3 d6 7.c3 O-O 8.Re1 Re8
9.Nbd2 Bf8 10.Nf1 h6 11.Ng3 b5 12.Bc2 d5 13.Qe2 Be6 14.h3 d4 15.Bb3 Qd7 16.Bxe6 Rxe6
17.cxd4 Nxd4 18.Nxd4 Qxd4 19.Be3 Qd7 20.Rac1 Rd8 21.Qf3 g6 22.Red1 Rc6 23.d4 Rxc1
24.Bxc1 Ne8 25.Be3 c5 26.d5 c4 27.h4 h5 28.Bg5 Be7 29.Qe3 f6 30.Bh6 Kh7 31.Qd2 Nd6
32.Be3 Qg4 33.Re1 Qxh4 34.Qa5 Qg4 35.Qxa6 h4 36.Nf1 Qc8 37.Qa5 Qb7 38.Bc5 Ra8
39.Qc3 Rxa2 40.Qh3 Qc8 41.Qxh4+ Kg7 42.Ba3 c3 43.Bxd6 Bxd6 44.bxc3 Bc5 45.Ne3 Be7
46.Rd1 Ra6 47.Qg3 Kf7 48.Qh4 Kg7 49.Ng4 Qh8 50.Qg3 Qh5 51.Ne3 Kf7 52.Rb1 Qe2
53.Qh3 Ra2 54.Qe6+ Kf8 55.Ng4 f5 56.d6 Bh4 57.Qxe5 Bxf2+ 58.Kh1 Qxg4 59.Qh8+ Kf7
60.Qh7+ Kf8 61.d7 Bh4 62.Qh8+ Kf7 63.Qh7+ Kf8 64.Qh6+ Kf7 65.Qh7+ Kf8 66.Rg1 f4
67.e5 f3 68.Qh8+ Kf7 69.Qh7+ Ke6 70.Qg8+ Kxe5 71.Qxa2 f2 72.Rb1 Qxd7 73.Qe2+ Kf6
74.Qf3+ Kg7 75.Rd1 Qe7 76.g3 Qe1+ 77.Kg2 Be7 78.Qd3 Bc5 79.Qd7+ Kh6 80.Qd2+ Qxd2
81.Rxd2 b4 82.cxb4 Bxb4 83.Rxf2 Kg5 84.Rb2 Bd6 85.Kf3 Kf5 86.Rb6 Be5 87.Rb5 Kf6
88.Kg4 Bd4 89.Rd5 Bb2 90.Rd3 Bc1 91.Rd6+ Kf7 92.Kf3 Bh6 93.Ke4 Bc1 94.g4 Kg7
95.Rc6 Bd2 96.Rc2 Bg5 97.Ke5 Be3 98.Ke6 Kh6 99.Ke5 Kg5 100.Ke4 Ba7 101.Kf3 Bb8
102.Rc5+ Kf6 103.g5+ Kf7 104.Ke4 Bg3 105.Rb5 Ke7 106.Rb7+ Ke6 107.Rb6+ Kf7
108.Rf6+ Kg7 109.Rf3 Be1 110.Re3 Bd2 111.Rg3 Kf7 112.Kd5 Bc1 113.Ke4 Ke6
114.Rg1 Bd2 115.Rg2 Bc1 116.Rg1 Bd2 117.Rg4 Bc1 118.Kf3 Kf5 119.Rg1 Bxg5
120.Rf1 Bf4 121.Rf2 g5 122.Kg2 g4 123.Rxf4+ Kxf4 124.Kf2 g3+ 125.Kg2 Ke5
126.Kxg3  1/2-1/2

[Event "17th Corsican Circuit Final"]
[Site "Bastia FRA"]
[Date "2013.10.21"]
[Round "2.1"]
[White "Almasi,Z"]
[Black "Kozul,Z"]
[Result "1-0"]
[WhiteElo "2707"]
[BlackElo "2597"]

1.e4 c5 2.Nf3 d6 3.d4 cxd4 4.Nxd4 Nf6 5.Nc3 Nc6 6.Bg5 e6 7.Qd2 a6 8.O-O-O Bd7
9.f3 b5 10.Nxc6 Bxc6 11.Kb1 Be7 12.h4 O-O 13.Ne2 Qc7 14.Nd4 Rfd8 15.Nxc6 Qxc6
16.Bd3 Qe8 17.h5 d5 18.e5 Ne4 19.fxe4 dxe4 20.h6 g6 21.Qf4 exd3 22.cxd3 Rd5
23.Bxe7 Qxe7 24.d4 Rad8 25.Rhf1 R5d7 26.Rd2 a5 27.g3 b4 28.Qe3 a4 29.Rc1 Rc7
30.Rdc2 Rxc2 31.Rxc2 Qb7 32.Rc1 Kf8 33.Qf4 Ke8 34.Rc4 Rc8 35.Rxc8+ Qxc8 36.Qf3 Qa6
37.b3 a3 38.Kc2 Qc8+ 39.Kd2 Qa6 40.g4 Qc8 41.Qd3 Qc6 42.Ke3 Kd8 43.Qd2 Qb7
44.Qf2 Qc7 45.Qd2 Qb7 46.Qe1 Qe7 47.Kf4 Qb7 48.Kg5 Qe7+ 49.Kf4 Qb7 50.Kg5 Qe7+
51.Kf4 f5 52.exf6 Qxf6+ 53.Ke4 Qg5 54.Qxb4 Qxg4+ 55.Kd3 Qf3+ 56.Kc4 Qe2+
57.Kc5 Qxa2 58.Qb8+ Kd7 59.Qd6+ Kc8 60.Qxe6+ Kb8 61.Qg8+ Kb7 62.Qxh7+ Ka6
63.Qxg6+ Ka7 64.Qf7+ Kb8 65.h7 Qc2+ 66.Kb6  1-0

[Event "17th Corsican Circuit Final"]
[Site "Bastia FRA"]
[Date "2013.10.21"]
[Round "3.2"]
[White "Fridman,D"]
[Black "Almasi,Z"]
[Result "0-1"]
[WhiteElo "2602"]
[BlackElo "2707"]

1.c4 c5 2.Nf3 Nc6 3.Nc3 e5 4.e3 Nf6 5.d4 e4 6.Ne5 g6 7.g4 h6 8.Bg2 Bg7 9.O-O Qe7
10.f4 exf3 11.Qxf3 O-O 12.Nxc6 dxc6 13.h3 h5 14.gxh5 Nxh5 15.d5 Bd7 16.Bd2 Rae8
17.Rae1 Be5 18.Ne2 cxd5 19.cxd5 Bb5 20.Rf2 Bxe2 21.Rfxe2 Qd6 22.Bf1 Kg7 23.Rg2 Rh8
24.b3 Ng3 25.Rf2 Re7 26.e4 Nh5 27.Bc3 Bxc3 28.Qxc3+ Re5 29.Rc1 b6 30.b4 Rc8
31.Qf3 f6 32.bxc5 Rxc5 33.Rxc5 Qxc5 34.h4 Qd4 35.Bd3 Re7 36.Bc2 Rc7 37.Bb3 Rc3
38.Qd1 Qxe4 39.d6 Rd3 40.Qc2 Qe1+ 41.Rf1 Rg3+ 42.Kh2 Qxf1  0-1

[Event "17th Corsican Circuit Final"]
[Site "Bastia FRA"]
[Date "2013.10.21"]
[Round "3.1"]
[White "Almasi,Z"]
[Black "Fridman,D"]
[Result "1-0"]
[WhiteElo "2707"]
[BlackElo "2602"]

1.e4 e5 2.Bc4 Nf6 3.d3 c6 4.Qe2 Be7 5.Nf3 O-O 6.Bb3 d6 7.O-O Bg4 8.h3 Bh5
9.c3 Nbd7 10.Be3 Re8 11.Nbd2 Bf8 12.Rfe1 d5 13.Qf1 dxe4 14.dxe4 Nc5 15.Bc2 Qc7
16.Nh4 Bg6 17.Nxg6 hxg6 18.b4 Ne6 19.Bb3 a5 20.a3 b5 21.Rac1 axb4 22.axb4 Qb7
23.Ra1 Nc7 24.Rxa8 Rxa8 25.Qd3 Ra3 26.Rb1 Nce8 27.Nf3 Nd7 28.Ng5 Nd6 29.Qd1 Be7
30.Bc5 Nxc5 31.bxc5 Bxg5 32.cxd6 Qd7 33.c4 bxc4 34.Bxc4 Ra8 35.Rb3 Bf6 36.Rd3 Rb8
37.g3 Rb4 38.Qc2 Kh7 39.Kg2 Qb7 40.d7 Rb2 41.Qd1 Qb6 42.Rf3 Bd8 43.Bxf7 Qd4
44.Qxd4 exd4 45.Bc4 Rb7 46.Rf7 Rb4 47.Rf8 Ba5 48.Bg8+  1-0

[Event "17th Corsican Circuit Final"]
[Site "Ajaccio FRA"]
[Date "2013.10.23"]
[Round "4.2"]
[White "Saric,Iv"]
[Black "Almasi,Z"]
[Result "1/2-1/2"]
[WhiteElo "2628"]
[BlackElo "2707"]

1.e4 e5 2.Nf3 Nc6 3.Bc4 Bc5 4.O-O Nf6 5.d3 d6 6.c3 a6 7.Bb3 Ba7 8.Re1 O-O
9.h3 h6 10.Nbd2 Be6 11.Nf1 Re8 12.Ng3 d5 13.Qe2 dxe4 14.dxe4 Bxb3 15.axb3 Qd7
16.b4 Rad8 17.b5 axb5 18.Qxb5 Bb6 19.Be3 Bxe3 20.Rxe3 Nd4 21.Nxd4 exd4 22.Qxd7 Rxd7
23.cxd4 Rxd4 24.Rb3 b6 25.Rc1 Nxe4 26.Nxe4 Rexe4 27.Rxc7 Rb4 28.Rf3 Rf4 29.Rxf4 Rxf4
30.Rc3 Rb4 31.b3 Kf8 32.Re3 f5 33.Kf1 Kf7 34.Ke2 Kf6 35.Kd2 f4 36.Rd3 Ke5
37.Kc3 Rb5 38.b4 Rd5 39.Rxd5+ Kxd5 40.f3 g5 41.Kd3 b5 42.Kc3 Ke5 43.Kd3 Kd5
44.Kc3 Ke5 45.Kd3  1/2-1/2

[Event "17th Corsican Circuit Final"]
[Site "Ajaccio FRA"]
[Date "2013.10.23"]
[Round "4.3"]
[White "Saric,Iv"]
[Black "Almasi,Z"]
[Result "1/2-1/2"]
[WhiteElo "2628"]
[BlackElo "2707"]

1.e4 e5 2.Nf3 Nc6 3.Bb5 Nf6 4.d3 Bc5 5.Nbd2 O-O 6.Bxc6 dxc6 7.O-O Bd6 8.Nc4 Nd7
9.Be3 c5 10.a4 Re8 11.Nfd2 Nf8 12.f4 exf4 13.Bxf4 Bxf4 14.Rxf4 Be6 15.Rf2 Ng6
16.Qh5 f6 17.Qxc5 b6 18.Qe3 c5 19.h3 Qd7 20.b3 Qc7 21.Raf1 Re7 22.Nb1 f5
23.exf5 Bxf5 24.Qf3 Rf8 25.Qd5+ Be6 26.Rxf8+ Nxf8 27.Qa8 Bc8 28.Nbd2 Re8
29.Qf3 Bb7 30.Ne4 Bxe4 31.dxe4 Ng6 32.e5 h6 33.Qd5+ Kh7 34.Rf7 Re7 35.e6 Rxf7
36.exf7 Qf4 37.Qf3 Qxf3 38.gxf3 Nf8 39.Ne5 g5 40.Nc6 Kg7 41.Nxa7 Kxf7 42.Nc8 Nd7
43.Nd6+ Ke6 44.Nc4 Kd5 45.c3 Kc6 46.Kf2 Nf6 47.Ne5+ Kd5 48.Nf7 c4 49.bxc4+ Kxc4
50.Nxh6 Kxc3 51.Nf7 Kb4 52.Nxg5 Kxa4 53.Ne4 Nh5 54.Ke3 b5 55.f4 b4 56.f5 b3
57.Nc5+ Kb4 58.Nxb3 Kxb3 59.Kf3 Kc4 60.Kg4 Nf6+ 61.Kg5 Ne4+ 62.Kg6 Kd5 63.h4 Kd6
64.f6 Nc5 65.h5 Nd7 66.h6 Ke6 67.h7 Nf8+ 68.Kg7 Nxh7 69.f7 Ke7 70.Kxh7 Kxf7  1/2-1/2

[Event "15th ch-EUR Indiv 2014"]
[Site "Yerevan ARM"]
[Date "2014.03.12"]
[Round "9.21"]
[White "Fridman,D"]
[Black "Almasi,Z"]
[Result "1/2-1/2"]
[WhiteElo "2604"]
[BlackElo "2704"]

1.d4 Nf6 2.c4 g6 3.g3 Bg7 4.Bg2 O-O 5.Nc3 d6 6.Nf3 Nc6 7.O-O a6 8.Bf4 Rb8
9.Rc1 b5 10.Nd5 bxc4 11.Nxf6+ exf6 12.Rxc4 Ne7 13.b3 Nd5 14.Bd2 Nb6 15.Rc1 Re8
16.e3 Bb7 17.Ne1 Nd5 18.Qc2 Re7 19.Nd3 f5 20.Nb2 Qe8 21.Nc4 Ba8 22.Na5 Rb6
23.Nc4 Rb8 24.Qd3 h5 25.Rc2 h4 26.Rfc1 Nf6 27.Bxa8 Rxa8 28.Na5 c5 29.dxc5 dxc5
30.Rxc5 Rd7 31.Qe2 Ne4 32.R5c2 Ng5 33.gxh4 Nh3+ 34.Kf1 Qe4 35.f3 Qxh4 36.Be1 Qg5
37.Qg2 Qh5 38.f4 Re8 39.Rc8 Re7 40.Rxe8+ Rxe8 41.Nc4 g5 42.Qe2 Qxe2+ 43.Kxe2 gxf4
44.Nd6 Rxe3+ 45.Kf1 Bf6 46.Nxf5 Re5 47.Nh6+ Kg7 48.Ng4 Re6 49.Nxf6 Kxf6 50.Kg2 Re3
51.Bf2 Rd3 52.Rc5 Nxf2 53.Kxf2 Rd2+ 54.Kf3 Rxa2 55.Kxf4 Rxh2 56.Ke4  1/2-1/2

[Event "49th Capablanca Elite 2014"]
[Site "Havana CUB"]
[Date "2014.05.11"]
[Round "4.3"]
[White "Bruzon Batista,L"]
[Black "Almasi,Z"]
[Result "1/2-1/2"]
[WhiteElo "2682"]
[BlackElo "2693"]

1.e4 e5 2.Nf3 Nc6 3.Bb5 a6 4.Ba4 Nf6 5.O-O Be7 6.d3 b5 7.Bb3 O-O 8.Nc3 d6
9.a3 Bg4 10.Be3 Nd4 11.Bxd4 exd4 12.Nd5 Nd7 13.h3 Bxf3 14.Qxf3 c6 15.Nf4 Rb8
16.Qd1 Nc5 17.Ba2 a5 18.g3 a4 19.h4 b4 20.Bc4 b3 21.Rc1 Bf6 22.cxb3 axb3
23.Re1 Re8 24.Kg2 Be5 25.Nh3 Bf6 26.Qh5 g6 27.Bxf7+ Kg7 28.Qf3 Kxf7 29.e5 Nxd3
30.Ng5+ Kg8 31.Qxd3 Bxg5 32.hxg5 dxe5 33.Rxc6 Qd5+ 34.Qe4 Qxe4+ 35.Rxe4 d3
36.Rc1 Red8 37.Kf3 Rbc8 38.Rxc8 Rxc8 39.Ke3 Rc2 40.Kxd3 Rxb2 41.Rxe5 Ra2
42.Rb5  1/2-1/2

[Event "49th Capablanca Elite 2014"]
[Site "Havana CUB"]
[Date "2014.05.17"]
[Round "9.2"]
[White "Almasi,Z"]
[Black "Bruzon Batista,L"]
[Result "1/2-1/2"]
[WhiteElo "2693"]
[BlackElo "2682"]

1.e4 e5 2.Nf3 Nc6 3.Bc4 Bc5 4.c3 Nf6 5.d3 O-O 6.O-O d5 7.exd5 Nxd5 8.Nbd2 a6
9.Re1 Nf6 10.b4 Ba7 11.Ne4 Nxe4 12.dxe4 Qf6 13.Bg5 Qg6 14.Bd5 h6 15.Be3 Qf6
16.Bxa7 Rxa7 17.Qd3 Ne7 18.Qe3 b6 19.a4 Bg4 20.Nd2 Rd8 21.a5 Nxd5 22.exd5 Rxd5
23.Nc4 Rb5 24.Nxe5 Bf5 25.Nf3 c5 26.axb6 Qxb6 27.Qe8+ Kh7 28.Rad1 Bg4 29.Re3 cxb4
30.cxb4 Rxb4 31.h3 Bxf3 32.Rxf3 Qb8 33.Qe2 a5 34.Qc2+ g6 35.Rfd3 Rb2 36.Qc3 Qb6
37.Rf3 a4 38.Qc4 Qc7 39.Qxc7 Rxc7 40.Rd4 Ra2 41.Rff4 Ra7 42.h4 h5 43.g3 Kg7
44.Kg2 a3 45.Ra4 Rxa4 46.Rxa4 Kf6 47.Ra7 Ra1 48.f3 Ke6 49.g4 f6 50.gxh5 gxh5
51.Ra5 f5 52.Kg3 a2  1/2-1/2

[Event "HUN-POL Friendly Match m 2014"]
[Site "Budapest HUN"]
[Date "2014.06.08"]
[Round "1.4"]
[White "Almasi,Z"]
[Black "Bartel,Mat"]
[Result "1-0"]
[WhiteElo "2692"]
[BlackElo "2641"]

1.Nf3 d5 2.g3 Nc6 3.Bg2 e5 4.d3 Nge7 5.O-O g6 6.c4 Bg7 7.cxd5 Nxd5 8.Nc3 Nde7
9.Rb1 a5 10.a3 O-O 11.b4 axb4 12.axb4 Nd4 13.Nd2 c6 14.e3 Ne6 15.Qc2 Nd5
16.b5 Nxc3 17.Qxc3 e4 18.d4 c5 19.Nxe4 cxd4 20.Qb3 Re8 21.Ba3 Ng5 22.Nxg5 Qxg5
23.exd4 Bxd4 24.Qb4 Bg7 25.Bb2 Bxb2 26.Rxb2 Rb8 27.b6 Bf5 28.h4 Qf6 29.Rc1 Re7
30.Rc7 Rxc7 31.bxc7 Rc8 32.Re2 h5 33.Re7 b6 34.Bb7 Rf8 35.Kg2 Kg7 36.Re3 Bc8
37.Bd5 Bg4 38.Re7 Bc8 39.Re4 Bf5 40.Re3 Bg4 41.Kg1 Rc8 42.Re7 Rf8 43.Bb7 Bc8
44.Bxc8 Rxc8 45.Rd7 Qa1+ 46.Kg2 Qa8+ 47.Kh2 Qf3 48.Qd4+ Qf6 49.Rxf7+  1-0

[Event "HUN-POL Friendly Match m 2014"]
[Site "Budapest HUN"]
[Date "2014.06.09"]
[Round "2.6"]
[White "Socko,B"]
[Black "Almasi,Z"]
[Result "1/2-1/2"]
[WhiteElo "2622"]
[BlackElo "2692"]

1.e4 c5 2.Nf3 e6 3.d4 cxd4 4.Nxd4 a6 5.Bd3 Nf6 6.Qe2 d6 7.Be3 Nbd7 8.c4 g6
9.Nc3 Bg7 10.h3 O-O 11.O-O b6 12.Nb3 Bb7 13.Rac1 Qc7 14.f4 Nc5 15.Nxc5 bxc5
16.Rfd1 Nh5 17.g4 Nf6 18.Bb1 Rad8 19.Bf2 Nd7 20.Bh4 Rde8 21.Qd2 Bd4+ 22.Kh2 f6
23.Ne2 e5 24.f5 Re7 25.Nc3 Qb8 26.b3 Qe8 27.Rf1 h5 28.g5 Rg7 29.Ne2 gxf5
30.Rxf5 fxg5 31.Rxg5 Rxg5 32.Qxg5+ Kh7 33.Nxd4 cxd4 34.Rg1 Qf7 35.Rf1 Qxf1
36.Qxh5+ Kg7 37.Qg5+ Kh7 38.Qh5+ Kg7 39.Qg5+ Kh7 40.Qh5+ Kg7  1/2-1/2

[Event "HUN-POL Friendly Match m 2014"]
[Site "Budapest HUN"]
[Date "2014.06.10"]
[Round "3.3"]
[White "Gajewski,G"]
[Black "Almasi,Z"]
[Result "1/2-1/2"]
[WhiteElo "2650"]
[BlackElo "2692"]

1.d4 Nf6 2.c4 e6 3.Nf3 d5 4.Nc3 Nbd7 5.e3 Be7 6.a3 O-O 7.b4 a5 8.b5 c5 9.bxc6 bxc6
10.c5 e5 11.Be2 exd4 12.exd4 Ne4 13.Na4 Bf6 14.Rb1 Re8 15.O-O Nf8 16.Ne5 Bxe5
17.dxe5 Ne6 18.Be3 d4 19.Qc2 dxe3 20.Qxe4 Qd4 21.Bd3 Qxe4 22.Bxe4 e2 23.Rfe1 Nd4
24.Nb6 Rb8 25.Nxc8 Rbxc8 26.f4 f6 27.Bd3 fxe5 28.Bc4+ Kf8 29.Rb7 Re7 30.Rxe7 Kxe7
31.Bxe2 Nc2 32.Rc1 Nxa3 33.fxe5 Nb5 34.Bg4 Ra8 35.Rd1 Ra7 36.Bf3 a4 37.Bxc6 Nc3
38.Ra1 a3 39.Kf2 Ra5 40.Bb7 Rxc5 41.Rxa3 Ke6 42.Bf3 Kxe5  1/2-1/2

[Event "HUN-POL Friendly Match m 2014"]
[Site "Budapest HUN"]
[Date "2014.06.11"]
[Round "4.5"]
[White "Almasi,Z"]
[Black "Duda,J"]
[Result "1/2-1/2"]
[WhiteElo "2692"]
[BlackElo "2587"]

1.Nf3 d5 2.g3 Bg4 3.Bg2 Nd7 4.c4 e6 5.cxd5 exd5 6.Qb3 Ngf6 7.d4 Nb6 8.Nc3 Be7
9.h3 Bxf3 10.Bxf3 O-O 11.Qc2 c6 12.O-O Re8 13.Rd1 Bf8 14.Kg2 g6 15.Bg5 Bg7
16.e4 dxe4 17.Nxe4 Nbd5 18.Nc5 Qb6 19.a3 h6 20.Bd2 Qc7 21.Rac1 Re7 22.Re1 Rae8
23.Rxe7 Rxe7 24.Qb3 Qb6 25.Qc2 Qd8 26.a4 Ne8 27.Qb3 Qb6 28.Bxd5 cxd5 29.Qxd5 Nf6
30.Qb3 Qd8 31.Be3 Nd5 32.Bd2 b6 33.Nd3 Re2 34.Qd1 Re4 35.Rc4 Ne7 36.Qf3 Rxd4
37.Rxd4 Qxd4 38.b3 Nf5 39.Bf4 Qc3 40.Qd5 Nd4 41.Ne5 Bxe5 42.Bxe5 Qc6 43.Qxc6 Nxc6
44.Bf6 Nb8 45.g4 Nd7 46.Bd4 f6 47.Kf3 Kf7 48.Ke4 Ke6 49.b4  1/2-1/2

[Event "HUN-POL Friendly Match m 2014"]
[Site "Budapest HUN"]
[Date "2014.06.12"]
[Round "5.5"]
[White "Swiercz,D"]
[Black "Almasi,Z"]
[Result "0-1"]
[WhiteElo "2613"]
[BlackElo "2692"]

1.d4 Nf6 2.c4 e6 3.Nf3 b6 4.g3 Ba6 5.Qb3 Nc6 6.Nbd2 d5 7.Bg2 Bd6 8.Qa4 Bb7
9.Ne5 Bxe5 10.dxe5 Nd7 11.Nf3 O-O 12.Bf4 Nc5 13.Qc2 Nb4 14.Qc3 a5 15.O-O dxc4
16.a3 Nd5 17.Qxc4 Qd7 18.Rfe1 Qa4 19.Qxa4 Nxa4 20.Bc1 Ne7 21.b3 Nc5 22.Nd4 Bxg2
23.Kxg2 Rfd8 24.Be3 Nd5 25.b4 axb4 26.Nc6 Nxe3+ 27.fxe3 b3 28.Nxd8 Rxd8 29.Red1 Ra8
30.Rd4 b2 31.Rb1 Na4 32.Rc4 c5 33.Kf3 Kf8 34.h4 Ke7 35.h5 Kd7 36.Rf4 Kc6
37.g4 b5 38.Rd1 Kb6 39.Rxf7 Nc3 40.Rd6+ Ka5  0-1

[Event "HUN-POL Friendly Match m 2014"]
[Site "Budapest HUN"]
[Date "2014.06.13"]
[Round "6.5"]
[White "Almasi,Z"]
[Black "Wojtaszek,R"]
[Result "0-1"]
[WhiteElo "2692"]
[BlackElo "2715"]

1.c4 e6 2.g3 d5 3.Bg2 Nf6 4.Nf3 dxc4 5.Qa4+ Nbd7 6.Qxc4 a6 7.Qc2 c5 8.d3 b5
9.a4 Bb7 10.O-O Be7 11.Nc3 Qb6 12.axb5 axb5 13.Rxa8+ Bxa8 14.Qb3 Nd5 15.Bg5 Nxc3
16.Qxc3 Bxg5 17.Nxg5 O-O 18.Bxa8 Rxa8 19.Rc1 h6 20.Ne4 Ra2 21.b4 c4 22.dxc4 bxc4
23.Qxc4 Rb2 24.Qd3 Qxb4 25.Rc8+ Nf8 26.Kg2 f5 27.Nc5 Kh7 28.h4 Rd2 29.Qe3 Rd1
30.Rxf8 Qe1 31.Kf3 Qh1+ 32.Kf4 Qd5 33.Qe5 g5+  0-1